|
|
|
|
| LEADER |
01261nam a2200301 a 4500 |
| 001 |
1559611 |
| 008 |
100104s1993 ii b 001 0 eng d |
| 010 |
|
|
|a 92016714
|
| 020 |
|
|
|a 8170362946 (India-Hb)
|
| 020 |
|
|
|a 0803994389 (US-Hb)
|
| 040 |
|
|
|a DLC
|c DLC
|d DLC
|d BD-DhAAL
|
| 082 |
0 |
0 |
|a 305.4/0954
|2 20
|
| 245 |
1 |
0 |
|a Women's studies in India :
|b information sources, services, and programmes /
|c compiled by Anju Vyas, Sunita Singh.
|
| 260 |
|
|
|a New Delhi ;
|a Newbury Park, Calif. :
|b Sage Publications,
|c 1993.
|
| 300 |
|
|
|a 257 p. ;
|c 23 cm.
|
| 504 |
|
|
|a Includes bibliographical references (p. [235]-236) and indexes.
|
| 541 |
1 |
|
|e 00005314
|
| 650 |
|
0 |
|a Women's studies
|z India.
|
| 650 |
|
0 |
|a Women's studies
|z India
|x Information services.
|
| 650 |
|
0 |
|a Women
|x Information services
|z India.
|
| 650 |
|
0 |
|a Women's studies
|z India
|x Bibliography.
|
| 650 |
|
0 |
|a Women
|z India
|x Bibliography.
|
| 650 |
|
0 |
|a Women
|x Reference books
|x Bibliography.
|
| 700 |
1 |
|
|a Vyas, Anju.
|
| 700 |
1 |
|
|a Singh, Sunita,
|d 1962-
|
| 852 |
4 |
|
|a Ayesha Abed Library
|j General shelf
|
| 999 |
|
|
|c 7009
|d 7009
|
| 952 |
|
|
|0 0
|1 0
|2 ddc
|4 0
|6 305_409540000000000_WOM_1993
|7 0
|9 7264
|a BRACUL
|b BRACUL
|c GEN
|d 2010-01-17
|g 0.00
|l 0
|o 305.40954 WOM
|p 3010005314
|r 2010-01-17
|t 1
|w 2010-01-17
|y BK
|z Not price in Register
|